000 00392nas a2200169 a 4500
001 62572
003 134996
005 20201118105938.0
008 ||||||n9999 ||| || ||
041 _aspa
245 0 _aHacienda Municipal - No.57 (1996)
260 _aMéxico :
_bINDET,
_c1996.
562 _e1
650 _aMÉXICO
773 _021701
_aHacienda Municipal :
942 _cSISS
999 _c62572
_d62572